000 00324nam a22001217a 4500
008 260429b |||||||| |||| 00| 0 eng d
020 _a978-9358705010
100 _aAgarwal R S
245 _aQuantitative Aptitude (Revised Edition 2025)
260 _aNew Delhi
_bS Chand and Company Ltd
_c2025
300 _a809p
942 _2ddc
999 _c1341
_d1341